<?xml version="1.0" encoding="UTF-8"?>
<collection xmlns="http://www.loc.gov/MARC21/slim">
 <record>
  <leader>01634nab a2200229 i 4500</leader>
  <controlfield tag="001">acta34408</controlfield>
  <controlfield tag="005">20250703132921.0</controlfield>
  <controlfield tag="008">161017s2014    hu      o     000   eng d</controlfield>
  <datafield tag="024" ind1="7" ind2=" ">
   <subfield code="a">http://dx.doi.org/10.14232/belv.2014.2.8</subfield>
   <subfield code="2">doi</subfield>
  </datafield>
  <datafield tag="040" ind1=" " ind2=" ">
   <subfield code="a">SZTE Egyetemi Kiadványok Repozitórium</subfield>
   <subfield code="b">hun</subfield>
  </datafield>
  <datafield tag="041" ind1=" " ind2=" ">
   <subfield code="a">eng</subfield>
  </datafield>
  <datafield tag="041" ind1=" " ind2=" ">
   <subfield code="a">spa</subfield>
  </datafield>
  <datafield tag="100" ind1="1" ind2=" ">
   <subfield code="a">Baranyi Emese Zsuzsanna</subfield>
  </datafield>
  <datafield tag="245" ind1="1" ind2="0">
   <subfield code="a">Las tendencias migratorias entre América Latina y Europa durante las últimas dos décadas = The migration trends between Latin America and Europe in the last two decades</subfield>
   <subfield code="h">[elektronikus dokumentum] /</subfield>
   <subfield code="c"> Baranyi Emese Zsuzsanna</subfield>
  </datafield>
  <datafield tag="260" ind1=" " ind2=" ">
   <subfield code="a">Belvedere Meridionale</subfield>
   <subfield code="b">Szeged</subfield>
   <subfield code="c">2014</subfield>
  </datafield>
  <datafield tag="300" ind1=" " ind2=" ">
   <subfield code="a">98-102</subfield>
  </datafield>
  <datafield tag="490" ind1="0" ind2=" ">
   <subfield code="a">Belvedere Meridionale</subfield>
   <subfield code="v">26 No. 2</subfield>
  </datafield>
  <datafield tag="520" ind1="3" ind2=" ">
   <subfield code="a">Today migration is an increasingly important issue concerning international and interregional relations. In the last decades, immigration from Latin America to Europe was considerable, but as a result of the economic crisis in the European Union the tendency has been changed. On the contrary, the number of Europeans living and working in Latin America has increased, typically in sectors where skilled labor is needed. At the political level there is an eff ort for further cooperation between the two regions concerning migration. Th e document „Bases for structuring the EU-LAC Dialogue on Migration” of 2009 includes the objectives and major activities on the subject.</subfield>
  </datafield>
  <datafield tag="650" ind1=" " ind2="4">
   <subfield code="a">Társadalomtudományok</subfield>
  </datafield>
  <datafield tag="650" ind1=" " ind2="4">
   <subfield code="a">Szociológia</subfield>
  </datafield>
  <datafield tag="695" ind1=" " ind2=" ">
   <subfield code="a">Migráció - Latin-Amerika - Európa 2000-es évek</subfield>
  </datafield>
  <datafield tag="856" ind1="4" ind2="0">
   <subfield code="u">http://acta.bibl.u-szeged.hu/34408/1/belvedere_2014_002_098-102.pdf</subfield>
   <subfield code="z">Dokumentum-elérés </subfield>
  </datafield>
 </record>
</collection>
